Responses for Super Jeopardy! show #12 - Saturday, September 1, 1990

Super Jeopardy! semifinal game 3.

Contestants

[<< previous game]

Jeff Richmond, a law student from West Hollywood, California

Bob Blake, an actuary from Vancouver, British Columbia

Dave Traini, a high school administrator from Medford Lakes, New Jersey

[next game >>]

Jeopardy! Round responses

HISTORIC NAMES
THE AMERICAN FLAG
FACTS & FIGURES
POTENT POTABLES
FAMOUS QUOTES
HITCHCOCK BLONDES
    200 16
Sir Winston Churchill

Dave
    200 9
Francis Scott Key

Dave
    200 29
6

Bob
    200 8
Canada

Jeff
    200 30
will live in infamy

Jeff
    200 5
(Alex: The film was To Catch A Thief.)

Princess Grace Kelly

Dave
    400 20
Jomo Kenyatta

Bob
    400 11
light it

Bob
    400 23
Nolan Ryan

Jeff
    400 22
rum

Dave
    3,000 27
(Bob: What is love?)

time

Bob
    400 4
Janet Leigh

Dave
    600 19
Abigail Adams

Bob
    600 13
stripes

Jeff
    600 12
one dollar bills

Jeff
    600 28
brandy

Bob
    600 24
J'accuse

Dave
    600 3
Tippie Hedren

Dave
    800 17
sister to brother

Dave
    800 14
by burning it

Jeff
    800 10
(Dave: What are condors?)

bald eagles

DaveJeff
    800 25
(Angostura) bitters

Bob
    800 7
Anita Loos

Bob
    800 2
Eva Marie Saint

Dave
    1000 18
Nathaniel Bacon

Triple Stumper
    1000 15
North Pole

Jeff
    1000 21
12

Bob
    1000 26
lime

Bob
    1000 6
These are the times that try men's souls

Triple Stumper
    1000 1
Madeleine Carroll

Triple Stumper

Scores at the first commercial break (after clue 15):

Dave Bob Jeff
1,400 1,200 4,000

Scores at the end of the Jeopardy! Round:

Dave Bob Jeff
3,400 2,800 4,600

Double Jeopardy! Round responses

THE OLD WEST
THE MYSTERIOUS EAST
NONFICTION
PHYSICS
MYTHS & LEGENDS
THE VIOLIN
    500 16
Frank

Bob
    500 7
Vietnam

Jeff
    500 6
Anne Morrow Lindbergh

Jeff
    500 21
heavy water

Dave
    500 1
Pax

Dave
    500 24
ebony

Jeff
    1000 20
shootout (or gunfight) at the O.K. Corral

Dave
    1000 8
Mongolia

Triple Stumper
    1000 17
Howard Cosell

Bob
    1000 15
fiber optics

Jeff
    1000 2
Mercury

Bob
    1000 25
(Dave: Who is Perlman?)
(Jeff: Who is Menuhin?)

Pinchas Zukerman

DaveJeff
Triple Stumper
    1500 29
Bat Masterson

Dave
    1500 9
Malaysia

Bob
    1500 18
Margaret Mead

Jeff
    1500 14
plasma

Dave
    1500 3
Poseidon

Dave
    1500 26
Stradivarius

Bob
    100 23
(Dave: Who is Bronco Billy?)

Butch Cassidy

Dave
    2000 10
(Dave: What is Japan?)

Indonesia

DaveJeff
    2000 19
How To Win Friends And Influence People

Jeff
    2000 13
emulsion (or colloid)

Dave
    2000 4
Clytemnestra

Dave
    2000 27
Paganini

Bob
    2500 30
Belle Starr

Triple Stumper
    2500 11
the mandarins

Dave
    1,500 22
(Dave: What is The Final Crisis?)

In the Arena

Dave
    2500 12
cryogenics

Dave
    2500 5
Dido

Bob
    2500 28
Jascha Heifetz

Dave

Scores at the end of the Double Jeopardy! Round:

Dave Bob Jeff
16,800 12,800 11,600

[wagering suggestions for these scores]

Final Jeopardy! Round responses

THE NOBEL PRIZE
JeffWho was Pearl S. Buck?
1,201
BobWho was Sinclair Lewis
10,401
DaveWho was Sinclair Lewis?
8,900
Sinclair Lewis

Final scores:

Dave Bob Jeff
25,700 23,201 10,399
Finalist 2nd place: $10,000 3rd place: $10,000

Game dynamics:

Coryat scores:

Dave Bob Jeff
18,400 15,800 11,600
20 R,
5 W
(including 2 DDs)
16 R,
1 W
(including 1 DD)
15 R,
1 W

Combined Coryat: 45,800

[game clues] [game scores]

Game tape date: 1990-06-20
The J! Archive is created by fans, for fans. Scraping, republication, monetization, and malicious use prohibited; this site may use cookies and collect identifying information. See terms. The Jeopardy! game show and all elements thereof, including but not limited to copyright and trademark thereto, are the property of Jeopardy Productions, Inc. and are protected under law. This website is not affiliated with, sponsored by, or operated by Jeopardy Productions, Inc. Join the discussion at JBoard.tv.